| 000 | 00800 a2200241 4500 | ||
|---|---|---|---|
| 003 | OSt | ||
| 005 | 20180116182723.0 | ||
| 008 | 160830b xxu||||| |||| 00| 0 eng d | ||
| 020 | _a1873981953 | ||
| 020 | _a9781873981955 | ||
| 040 | _c0 | ||
| 082 | _a657 MIL 1992 | ||
| 100 | 1 | _aMillichamp, A.H. | |
| 245 | 1 | 0 |
_aFoundation Accounting: _ban Instructional Manual for Accounting Students _cA.H. Millichamp. |
| 260 |
_a[S.l.] : _bDP Pubns, _c1992 |
||
| 300 |
_a469 p. _bPB |
||
| 440 | _aFoundation Accounting: | ||
| 500 | _aImport. | ||
| 500 | _aUnknown Binding. | ||
| 856 | 4 | 0 |
_3Amazon.com _uhttp://www.amazon.com/exec/obidos/ASIN/1873981953/chopaconline-20 |
| 856 | 4 | 0 |
_3Amazon customer reviews _uhttp://www.chopac.org/cgi-bin/tools/azrev.pl?q=1873981953 |
| 942 |
_aNBS _cBK _k657 MIL 1992 _2ddc |
||
| 999 |
_c344763 _d344763 |
||